Választási kampányok a web 2.0 világában

Bibliográfiai részletek
Szerző: Kovács Nóra
További közreműködők: Krasztev Dr Péter
Dokumentumtípus: Diplomadolgozat
Kulcsszavak:Választási kampányok
Web 2.0
Közösségi média
Politikai kommunikáció
Online Access:http://dolgozattar.uni-bge.hu/4715

MARC

LEADER 00000nta a2200000 i 4500
001 dolg4715
005 20160623144848.0
008 151214suuuu hu om 000 hun d
040 |a BGE Dolgozattár Repozitórium  |b hun 
041 |a hu 
100 1 |a Kovács Nóra 
245 1 0 |a Választási kampányok a web 2.0 világában  |c Kovács Nóra  |h [elektronikus dokumentum] 
246 1 1 |a Választási kampányok a web 2.0 világában 
695 |a Választási kampányok 
695 |a Web 2.0 
695 |a Közösségi média  
695 |a Politikai kommunikáció 
700 1 |a Krasztev Dr Péter  |e ths 
856 4 0 |u http://dolgozattar.uni-bge.hu/4715/1/Kov%C3%A1cs%20N%C3%B3ra_DPQ2K7_V%C3%A1laszt%C3%A1si%20kamp%C3%A1nyok%20a%20web%202.0%20vil%C3%A1g%C3%A1ban_pdf.pdf  |z Dokumentum-elérés